Bibliografia puerto-riqueña (Record no. 164498)

MARC details
000 -LEADER
campo de control de longitud fija 01115nam a22002415i 4500
001 - NÚMERO DE CONTROL
campo de control 164498
003 - IDENTIFICADOR DE NÚMERO DE CONTROL
campo de control ES-MaACL
005 - FECHA Y HORA DE LA ÚLTIMA TRANSACCIÓN
campo de control 20230906212940.0
008 - DATOS DE LONGITUD FIJA--INFORMACIÓN GENERAL
campo de control de longitud fija 050729s1887 pr | |||||||| ||spa d
040 ## - FUENTE DE CATALOGACIÓN
Centro catalogador/agencia de origen CAM
Lengua de catalogación spa
Centro/agencia transcriptor CAM
080 ## - NÚMERO DE LA CLASIFICACIÓN DECIMAL UNIVERSAL
Número de la Clasificación Decimal Universal 013(719.5)
080 ## - NÚMERO DE LA CLASIFICACIÓN DECIMAL UNIVERSAL
Número de la Clasificación Decimal Universal 016(729.5)
080 ## - NÚMERO DE LA CLASIFICACIÓN DECIMAL UNIVERSAL
Número de la Clasificación Decimal Universal 017.2 Sama, Manuel María
100 1# - ENTRADA PRINCIPAL--NOMBRE DE PERSONA
Nombre de persona Sama, Manuel María.
9 (RLIN) 102150
245 10 - MENCIÓN DEL TÍTULO
Título Bibliografia puerto-riqueña
Resto del título : trabajo premiado en el certamen del Ateneo Puerto-Riqueño celebrado el 29 de enero de 1887 ... /
Mención de responsabilidad, etc. por Manuel Maria Sama.
260 ## - PUBLICACIÓN, DISTRIBUCIÓN, ETC.
Lugar de publicación, distribución, etc. Mayaguez :
Nombre del editor, distribuidor, etc. [s.n.],
Fecha de publicación, distribución, etc. 1887 (
Fabricante Tipografia Comercial - Marina)
300 ## - DESCRIPCIÓN FÍSICA
Extensión 159 p. ;
Dimensiones 21 cm.
530 ## - NOTA DISPONIBLE DE FORMULARIO FÍSICO ADICIONAL
Nota de formato físico adicional disponible Disponible también en sitio web.
650 #4 - PUNTO DE ACCESO ADICIONAL DE MATERIA--TÉRMINO DE MATERIA
Término de materia o nombre geográfico como elemento de entrada Escritores puertorriqueños-
Subdivisión de forma Bibliografías.
9 (RLIN) 148000
651 #4 - PUNTO DE ACCESO ADICIONAL DE MATERIA--NOMBRE GEOGRÁFICO
Nombre geográfico Puerto Rico-
Subdivisión de forma Bibliografías.
9 (RLIN) 148001
852 ## - LOCALIZACIÓN
Ubicación ES-MaACL
Número de control de estantería T-469-F-6
Nota libre -- Enc. hol.
-- -- Dedic. ms. de Francisco Lastres, diputado por Mayagüez, al Ateneo de Madrid
-- -- Enc. en un vol. facticio
856 ## - LOCALIZACIÓN Y ACCESO ELECTRÓNICOS
Identificador Uniforme de Recursos <a href="http://bibliotecadigitalhispanica.bne.es:80/webclient/DeliveryManager?pid=1883411&custom_att_2=simple_viewer">http://bibliotecadigitalhispanica.bne.es:80/webclient/DeliveryManager?pid=1883411&custom_att_2=simple_viewer</a>
Nota pública Ir a la página
Holdings
Estatus retirado Estado de pérdida Estado de daño No para préstamo Colección Biblioteca de origen Biblioteca actual Ubicación en estantería Fecha de adquisición Total de préstamos Signatura topográfica completa Código de barras Visto por última vez Precio de reemplazo Tipo de ítem Koha
        Colección de folletos Biblioteca del Ateneo de Madrid Biblioteca del Ateneo de Madrid Depósito folletos 17/01/2008   T-469-F-6 1172432 23/02/2023 23/02/2023 Folleto